MARC details
| 000 -CABECERA |
| campo de control de longitud fija |
01198cam a2200253 a 4500 |
| 001 - NÚMERO DE CONTROL |
| campo de control |
000003393 |
| 005 - FECHA Y HORA DE LA ÚLTIMA TRANSACCIÓN |
| campo de control |
20200929150428.0 |
| 008 - DATOS DE LONGITUD FIJA--INFORMACIÓN GENERAL |
| campo de control de longitud fija |
960129s1993 sp rb 101 0 spa |
| 020 ## - NÚMERO INTERNACIONAL ESTÁNDAR DEL LIBRO |
| Número Internacional Estándar del Libro |
8478201467 |
| 040 ## - FUENTE DE LA CATALOGACIÓN |
| Centro catalogador/agencia de origen |
DO-SdBNP |
| Lengua de catalogación |
spa |
| Centro/agencia transcriptor |
BNPHU |
| 082 ## - NÚMERO DE LA CLASIFICACIÓN DECIMAL DEWEY |
| Número de clasificación |
860.994655 |
| 111 2# - ENTRADA PRINCIPAL--NOMBRE DE CONGRESO/REUNIÓN |
| Nombre de congreso/reunión o jurisdicción como elemento de entrada |
Curso sobre Lengua y Literatura en Aragón |
| Número del congreso/reunión o número de parte o sección |
(2nd : |
| Fecha del congreso/reunión |
1991, |
| Sede del congreso/Lugar de la reunión |
Universidad de Zaragoza) |
| 9 (RLIN) |
10569 |
| 245 13 - MENCIÓN DE TÍTULO |
| Título |
II Curso sobre Lengua y Literatura en Aragón : |
| Resto del título |
(siglos de oro) / |
| Mención de responsabilidad, etc. |
curso dirigido por Aurora Egido y Tomás Buesa ; edición de las actas, Jose Ma. Enguita. |
| 260 ## - PUBLICACIÓN, DISTRIBUCIÓN, ETC. |
| Lugar de publicación, distribución, etc. |
Zaragoza : |
| Nombre del editor, distribuidor, etc. |
Institución Fernando el Católico, |
| Fecha de publicación, distribución, etc. |
1993. |
| 300 ## - DESCRIPCIÓN FÍSICA |
| Extensión |
[281] p. ; |
| Dimensiones |
24 cm. |
| 500 ## - NOTA GENERAL |
| Nota general |
"Celebrado del 4 al 6 de febrero de 1991, en el Aula Magna de la Facultad de Filosofía y Letras de la Universidad de Zaragoza"--P. [1]. |
| 650 #4 - PUNTO DE ACCESO ADICIONAL DE MATERIA--TÉRMINO DE MATERIA |
| Término de materia o nombre geográfico como elemento de entrada |
Literatura española |
| Subdivisión general |
Historia y crítica |
| Subdivisión cronológica |
1500-1700 |
| 9 (RLIN) |
10570 |
| 650 #4 - PUNTO DE ACCESO ADICIONAL DE MATERIA--TÉRMINO DE MATERIA |
| Término de materia o nombre geográfico como elemento de entrada |
Español |
| Subdivisión cronológica |
PERÍODO CLÁSICO, 1500-1700 |
| Subdivisión general |
Congreso |
| 9 (RLIN) |
10571 |
| 650 #4 - PUNTO DE ACCESO ADICIONAL DE MATERIA--TÉRMINO DE MATERIA |
| Término de materia o nombre geográfico como elemento de entrada |
Español |
| Subdivisión geográfica |
España |
| -- |
Aragón |
| Subdivisión general |
Congreso |
| 9 (RLIN) |
10572 |
| 700 1# - PUNTO DE ACCESO ADICIONAL--NOMBRE DE PERSONA |
| Nombre de persona |
Egido, Aurora. |
| 9 (RLIN) |
10573 |
| 700 1# - PUNTO DE ACCESO ADICIONAL--NOMBRE DE PERSONA |
| Nombre de persona |
Buesa Oliver, Tomas. |
| 9 (RLIN) |
10574 |
| 700 1# - PUNTO DE ACCESO ADICIONAL--NOMBRE DE PERSONA |
| Nombre de persona |
Enguita Utrilla, Jose Ma. |
| Forma completa/desarrollada del nombre |
(Jose María), |
| Término indicativo de función/relación |
ed. |
| 9 (RLIN) |
10575 |
| 910 ## - DATOS DE OPCIÓN DEL USUARIO (OCLC) |
| Datos de opción del usuario |
Validado. control de calidad. MFF |